Christian man /

Bibliographic Details
Other Authors: Ravitch, Norman (Compiler)
Format: Book
Language:English
Published: Belmont, Calif. : Wadsworth Pub. Co., [1973]
Series:Images of Western man ; 2.
Subjects:

MARC

Tag First Indicator Second Indicator Subfields
LEADER 00000cam a2200000 4500
001 in00001440887
005 20151020154717.0
008 730305s1973 cau 000 0 eng
010 |a  72089431  
020 |a 0534002285 
035 |a (OCoLC)00590920 
035 |9 AJB8216AM 
040 |a DLC  |c DLC  |d TXA  |d UtOrBLW 
049 |a TXAM 
050 0 0 |a BR53  |b .R37 
082 0 0 |a 233 
100 1 |a Ravitch, Norman,  |e compiler. 
245 1 0 |a Christian man /  |c edited by Norman Ravitch. 
264 1 |a Belmont, Calif. :  |b Wadsworth Pub. Co.,  |c [1973] 
264 4 |c ©1973 
300 |a x, 266 pages ;  |c 23 cm. 
336 |a text  |b txt  |2 rdacontent 
337 |a unmediated  |b n  |2 rdamedia 
338 |a volume  |b nc  |2 rdacarrier 
490 1 |a Images of Western man,  |v 2 
536 |a In memory of Dr. Robert Wick, August 1998. 
650 0 |a Christian literature. 
830 0 |a Images of Western man ;  |v 2. 
948 |a c:dm 
999 |a MARS 
999 f f |s f49fb164-611e-34e4-b249-7b484bd005c4  |i 59554714-ea8a-3143-a345-9b3442e240a7  |t 0 
952 f f |p ric  |a Texas A&M University  |b Rellis Campus  |c Joint Library Facility  |d Remote Storage  |t 0  |e BR53 .R37  |h Library of Congress classification  |i unmediated -- volume  |m A14823712348 
998 f f |a BR53 .R37  |t 0  |l Remote Storage